| 000 | 00340nam a2200133Ia 4500 | ||
|---|---|---|---|
| 008 | 191201s2004 xx 000 0 und d | ||
| 100 | _aKRUSE, Rebert, L | ||
| 245 | 0 | _aData Structures and Programming Design in C | |
| 250 | _a2nd | ||
| 260 |
_aN.Delhi _bPearson Education _c2004 |
||
| 300 | _a671 | ||
| 650 | _aB.Tech(CSE) | ||
| 942 |
_2ddc _cBK |
||
| 999 |
_c1575 _d1575 |
||